| 000 | 00634cam a2200229 i 4500 | ||
|---|---|---|---|
| 001 | 2298629 | ||
| 005 | 20180220094046.0 | ||
| 008 | 800528s1981 nyua b 001 0 eng | ||
| 010 | _a 80017211 | ||
| 020 | _a091267069X | ||
| 020 | _a007020425X (McGrawHill) | ||
| 040 |
_aDLC _cDLC _dDLC |
||
| 041 | _aeng | ||
| 080 | _a305.3 ROM | ||
| 082 | 0 | 0 | _a305.3 ROM |
| 100 | 1 | _a49 | |
| 101 | _aSOC | ||
| 245 | 1 | 4 |
_aThe sex-role cycle : _cNancy Romer. |
| 504 | _aIncludes bibliographical references and index. | ||
| 906 |
_a7 _bcbc _corignew _d1 _eocip _f19 _gy-gencatlg |
||
| 942 |
_2ddc _cBK |
||
| 999 |
_c42963 _d42963 |
||